000 00562nam a2200193 a 4500
001 000019059
005 20200929165919.0
008 100525nuuuuuuuupr 000 p spa d
040 _aDO-SdBNP
_bspa
_cBNPHu
082 _aPR861.44
_bH557l
100 1 _aHernández, Gilberto,
_d1959-
_941010
245 1 3 _aEl libro de los viernes /
_cGilberto Hernández.
260 _a[s. l.] :
_bUltimo Arcano,
_c[19??].
300 _a208 p. ;
_c23 cm.
650 4 _aPoesía puertorriqueña
_91015
650 4 _aLiteratura puertorriqueña
_9250
910 _aWM
049 _aBNGR
999 _c18577
_d18577